Estatísticas para Países mais próximos a Nauru

Clique aqui para jogar o quiz

Estatísticas Gerais

  • Esse quiz foi jogado 44 vezes
  • A pontuação média é 16 de 20

Estatísticas das Respostas

kmpaís% Correto
2863Austrália
97%
3820Nova Zelândia
95%
1160Tuvalu
95%
1104Ilhas Salomão
92%
2892Indonésia
92%
776Micronésia
92%
2662Samoa
92%
598Ilhas Marshall
89%
1392Papua Nova Guiné
89%
1397Vanuatu
89%
4561Filipinas
87%
288Kiribati
87%
1737Fiji
84%
3692Palau
84%
2544Tonga
84%
4478Timor Leste
76%
5132Japão
61%
4342Estados Unidos
53%
3255Niue
24%
3219Ilhas Cook
21%

Distribuição das Pontuações

Percentil de Números Respondidos

Porcentagem de Pessoas com Cada Pontuação

Sua Pontuação Histórica

Você não jogou esse quiz